I disturbi del sé (Record n. 210202)
[ formato base ]
| 000 -LEADER | |
|---|---|
| fixed length control field | 01476nam a2200205Ia 4500 |
| 001 - CONTROL NUMBER | |
| control field | b6805-48835 |
| 003 - CONTROL NUMBER IDENTIFIER | |
| control field | IT-MiCISF |
| 008 - FIXED-LENGTH DATA ELEMENTS--GENERAL INFORMATION | |
| fixed length control field | 161014s9999||||xx |||||||||||||| ||und|| |
| 040 ## - CATALOGING SOURCE | |
| Original cataloging agency | IT-MiCISF |
| Transcribing agency | IT-MiCISF |
| 041 ## - LANGUAGE CODE | |
| Language code of text/sound track or separate title | it |
| 999 ## - SYSTEM CONTROL NUMBERS (KOHA) | |
| Koha Dewey Subclass [OBSOLETE] | si |
| 100 ## - MAIN ENTRY--PERSONAL NAME | |
| Personal name | Schore Allan N. |
| 245 #0 - TITLE STATEMENT | |
| Title | I disturbi del sé |
| Remainder of title | La disregolazione degli affetti |
| 250 ## - EDITION STATEMENT | |
| Edition statement | 1a ed. |
| 260 ## - PUBLICATION, DISTRIBUTION, ETC. (IMPRINT) | |
| Place of publication, distribution, etc. | Roma |
| Name of publisher, distributor, etc. | Astrolabio |
| Date of publication, distribution, etc. | 2010 |
| 300 ## - PHYSICAL DESCRIPTION | |
| Extent | pp. 477 |
| 500 ## - GENERAL NOTE | |
| General note | / infanzia, periodo-neonatale, rapporti-madre-figli, teoria, stress, salute-mentale, abuso-di-minore / In questo libro, la cui prima parte né dedicata alle neuroscienze dello sviluppo affettivo, l'A. illustra con dovizia di dati l'impatto positivo che hanno le prime comunicazioni affettive sull'organizzazione di un sistema di controllo nell'emisfero destro del cervello in formazione del bambino. Nella seconda parte, incentrata sulla neuropsichiatria dello sviluppo, l'A. esamina l'incidenza negativa che i traumi relazionali della prima infanzia possono avere sul percorso di sviluppo del cervello destro, generando predisposizioni a psicopatologie e disturbi di personalità. Il modello che emerge dal lavoro di Schore suggerisce con forza la preponderanza dell'emisfero destro del cervello, non verbale, nelle funzioni adattive fondamentali dell'essere umano, e il peso che può avere un suo inadeguato sviluppo nella formazione delle psicopatologie. |
| 650 ## - SUBJECT ADDED ENTRY--TOPICAL TERM | |
| Topical term or geographic name as entry element | Infanzia / età-evolutiva |
| Relator term | 008 |
| 942 ## - ADDED ENTRY ELEMENTS (KOHA) | |
| Koha item type | LIBRO |
| 957 ## - | |
| -- | 1 |
| 999 ## - SYSTEM CONTROL NUMBERS (KOHA) | |
| -- | 1 |
| Withdrawn status | Lost status | Damaged status | Not for loan | Home library | Current library | Date acquired | Total Checkouts | Full call number | Date last seen | Price effective from | Koha item type | Public note |
|---|---|---|---|---|---|---|---|---|---|---|---|---|
| Buone Condizioni | Not For Loan | CISF - Milano | CISF - Milano | 14/10/2016 | b6805-48835 | 14/10/2016 | 14/10/2016 | LIBRO | Data import 15.10.2016 / by Epidotti, Vaglietti |